| 000 | 00909cab a2200253 4500 | ||
|---|---|---|---|
| 001 | ABS59852 | ||
| 008 | 090401t1998 xxu||||| |||| 00| 0 eng d | ||
| 035 | _a(Sirsi) u99638 | ||
| 041 | _aeng | ||
| 100 | _aJames, R. | ||
| 245 | _aDefective premises and limitation periods | ||
| 260 | _c1998 | ||
| 350 | _a0 | ||
| 490 |
_aConveyancer and Property Lawyer _v62 November 1998, 466-479(14) |
||
| 520 | _aDiscussion following the Law Commission`s recent consultation paper which made provisional proposals for reform. Considers the potential effect of these proposals on the various claims which might be made by property owners in respect of defects in their premises. | ||
| 650 | _aDEFECTIVE PREMISES | ||
| 650 | _aLAW COMMISSION | ||
| 650 | _aLIABILITY CLAIMS | ||
| 650 | _aLIMITATION PERIODS | ||
| 650 | _aREFORMS | ||
| 690 | _aPROPERTY LAW AND PRACTICE | ||
| 942 | _n0 | ||
| 948 | _c05/01/1999 | ||
| 999 |
_c59932 _d59932 |
||